LEADER 01077nam0 2200277 450 001 000038804 005 20141002120716.0 100 $a20141002d1969----km-y0itaa50------ba 101 0 $aita 102 $aIT 200 1 $a<> grafia del Machiavelli studiata negli autografi$fPaolo Ghiglieri 210 $aFirenze$cOlschki$d1969 215 $a361 p.$d26 cm 225 2 $aBiblioteca dell'Archivum Romanicum$hSerie 2$iLinguistica$v34 410 0$12001$aBiblioteca dell'Archivum Romanicum$hSerie 2$iLinguistica$v34 600 1$aMachiavelli,$bNiccolo' 676 $a451.52$v(22. ed.)$9Lingua italiana. Otrografia e pronuncia 700 1$aGhiglieri,$bPaolo$0180265 801 0$aIT$bUniversità della Basilicata - B.I.A.$gREICAT$2unimarc 912 $a000038804 996 $aGrafia del Machiavelli studiata negli autografi$9101170 997 $aUNIBAS BAS $aLETTERE CAT $aEXT016$b01$c20141002$lBAS01$h1207 FMT Z30 -1$lBAS01$LBAS01$mBOOK$1BASA1$APolo Storico-Umanistico$2DSLF$BCollezione DiSLF$3DF/E1896$63022$5F3022$820141002$f04$FPrestabile Didattica